| 000 | 00650nam a22002057a 4500 | ||
|---|---|---|---|
| 999 |
_c15025 _d15025 |
||
| 003 | AR-CdUCM | ||
| 008 | 190425b ||||| |||| 00| 0 spa d | ||
| 020 | _a968-16-7362-X | ||
| 040 |
_aMUNICIPALIDAD PROVINCIAL DEL CUSCO _cBIBLIOTECA MUNICIPAL DEL CUSCO |
||
| 082 |
_aEP / 808.06 / _bS78 |
||
| 100 |
_aShulevitz, Uri _927629 |
||
| 245 | _aUn lunes por la mañana / | ||
| 260 |
_aMéxico : _bFondo de cultura económica, _c2004. |
||
| 300 |
_a41 páginas ; _bIlustraciones, _c25 cm. |
||
| 650 |
_aTradición francesa _934034 |
||
| 650 |
_aLiteratura infantil _9588 |
||
| 650 |
_aCuentos _951615 |
||
| 942 |
_2ddc _cLIBROS |
||
| 945 |
_adavv _d25/04/2019 |
||